Famous Animated Movie Franchises - Statistics

General Stats
  • This quiz has been taken 32 times
  • The average score is 4 of 21
Answer Stats
First Film Last Film Animated Franchise # % Correct
1995 2026 Toy Story 7
81%
2006 2017 Cars 5
54%
2001 2027 Shrek 7
54%
2010 2026 Despicable Me 7
42%
2001 2025 Barbie 44
35%
2002 2027 Ice Age 7
31%
2008 2024 Kung Fu Panda 4
27%
1994 2024 The Lion King 7
27%
2005 2014 Madagascar 4
19%
2002 2006 Lilo & Stitch 4
15%
1993 2025 Batman 36
12%
2012 2022 Hotel Transylvania 4
12%
1953 2014 Peter Pan 8
12%
2004 2025 SpongeBob SquarePants 6
12%
1988 2016 The Land Before Time 14
8%
2007 2027 Teenage Mutant Ninja Turtles 4
4%
1977 2011 Winnie the Pooh 15
4%
1986 2000 An American Tail 4
0%
1940 2022 Mickey Mouse & Friends 18
0%
1987 2023 Scooby-Doo 43
0%
1992 2022 Tom & Jerry 16
0%
No matching quizzes found
Score Distribution
Percent of People with Each Score
Percentile by Number Answered
Your Score History
You have not taken this quiz